000
00332nam a2200133Ia 4500
005
20251222155142.0
008
251222s9999||||xx |||||||||||||| ||spa||
082
_a
INV.28.1-2/V.I
100
_a
MEJIA IBAÑEZ Paúl.
245
0
_a
Metodología de la Investigación 2 Vol.
250
_a
1ra. ed.
264
_b
No tiene
942
_c
LIB
999
_c
39232
_d
39232